I Wonder- Kanye Lyrics - Statistics

General Stats
  • This quiz has been taken 456 times
  • The average score is 236 of 320
Answer Stats
Hint Answer % Correct
A
100%
I
100%
Who
100%
And
99%
Wonder
99%
You
99%
If
98%
It
98%
Know
97%
What
97%
Me
96%
Mean
96%
Means
94%
Your
94%
1 Find
91%
Dreams
90%
To
89%
Come
88%
True
88%
My
86%
Life
83%
On
82%
The
82%
Be
76%
I'm
74%
This
73%
Up
72%
Been
70%
Is
69%
I've
69%
That
69%
Waiting
68%
Whole
68%
In
67%
Back
63%
He
63%
Night
63%
At
62%
Right
61%
These
59%
All
58%
Do
58%
Wrong
58%
Maybe
57%
Never
57%
That's
57%
You're
57%
Issue
56%
Say
56%
Grind
55%
Think
55%
Chicago
52%
Tissue
52%
Skyline
51%
Why
51%
Fuckin
50%
Get
50%
How
50%
Just
50%
Nerves
50%
Waking
50%
Where
50%
Even
49%
For
49%
Really
49%
So
49%
Ever
48%
Keep
48%
Deserves
47%
Hop
47%
Remember
46%
Trying
45%
Can
44%
Light
44%
Could
43%
Hope
43%
Lifetime
43%
Wish
43%
Would
42%
Help
40%
O'clock
40%
Seven
40%
Some
40%
Star
40%
Aight
39%
Got
39%
Happen
39%
Not
39%
Aint
38%
House
38%
Ladies
38%
Many
38%
Primetime
38%
Car
37%
Lifeline
37%
Still
37%
Without
37%
About
36%
Shine
36%
Spouse
36%
Word
36%
Feeling
35%
Husband
35%
Kids
35%
Yet
35%
You'll
35%
Giving
34%
Hotlines
34%
Shit
34%
Something
34%
When
34%
Aroused
33%
Blouse
33%
Told
33%
Name
32%
Trade
32%
Independent
30%
From
29%
Intuition
29%
God
28%
Arms
27%
Calling
27%
Psychic
27%
Screams
27%
Watch
26%
Drive
25%
Read
25%
Their
24%
Run
23%
Chokes
22%
Crib
21%
Smokescreens
21%
Heaven'll
13%
No matching quizzes found
Score Distribution
Percent of People with Each Score
Percentile by Number Answered
Your Score History
You have not taken this quiz